Statistics for Capital City of which Country? (Oceania Edition)

Click here to take the quiz!

General Stats

  • This quiz has been taken 588 times
  • The average score is 12 of 14

Answer Stats

HintAnswer% Correct
CanberraAustralia
99%
WellingtonNew Zealand
96%
SuvaFiji
91%
ApiaSamoa
91%
Port MoresbyPapua New Guinea
88%
FunafutiTuvalu
87%
Nuku'alofaTonga
86%
MajuroMarshall Islands
84%
HoniaraSolomon Islands
83%
Port VilaVanuatu
83%
YarenNauru
81%
PalikirFederated States of Micronesia
80%
NgerulmudPalau
80%
South TarawaKiribati
77%

Score Distribution

Percentile by Number Answered

Percent of People with Each Score

Your Score History

You have not taken this quiz